Statistics for Mario Kart 64 Characters

Click here to take the quiz!

General Stats

  • This quiz has been taken 64 times
  • The average score is 7 of 8

Answer Stats

Weight ClassAnswer% Correct
MediumLuigi
98%
MediumMario
98%
LightToad
98%
LightPeach
96%
HeavyBowser
93%
HeavyWario
91%
HeavyDonkey Kong
87%
LightYoshi
87%

Score Distribution

Percentile by Number Answered

Percent of People with Each Score

Your Score History

You have not taken this quiz